| 000 | 00554nam a2200193Ia 4500 | ||
|---|---|---|---|
| 003 | OSt | ||
| 005 | 20230331151951.0 | ||
| 008 | 210423s1999 xx 000 0 und d | ||
| 040 | _cAL | ||
| 041 | _aeng | ||
| 082 | _a820 CHIP | ||
| 100 |
_aCHILDS (Peter). _981058 |
||
| 245 | _aPost colonial theory and english literature: reader. | ||
| 260 |
_aEdinburgh _bEdinburgh University Press _c1999 |
||
| 300 |
_avii,444 _bPB |
||
| 365 |
_b2348 _cINR |
||
| 906 | _acolonial ; english ; literature. ; literature: ; Post ; reader. ; theory | ||
| 942 |
_2ddc _cBK |
||
| 999 |
_c157728 _d157728 |
||